Normal view MARC view

Entry Personal Name

Number of records used in: 1

001 - CONTROL NUMBER

  • control field: 858943

003 - CONTROL NUMBER IDENTIFIER

  • control field: OSt

005 - DATE AND TIME OF LATEST TRANSACTION

  • control field: 20251223114949.0

008 - FIXED-LENGTH DATA ELEMENTS

  • fixed length control field: 251223|| aca||aabn | a|a d

040 ## - CATALOGING SOURCE

  • Original cataloging agency: OSt
  • Transcribing agency: OSt

100 ## - HEADING--PERSONAL NAME

  • Personal name: मित्र, प्रेमेन्द्र

670 ## - SOURCE DATA FOUND

  • Source citation: Work cat.: (OSt)386348: मित्र, प्रेमेन्द्र, मौसमी, 1972
Copyright @ Delhi University Library System